Oncoplastic Breast Surgery A Guide to Clinical Practice /

This book presents 50 cases, encompassing a broad range of oncoplastic breast surgeries. Each case is dedicated to a particular surgical technique, using classifications of “good, bad, and ugly” to point out potential pitfalls and to optimize post-surgery results. With the help of more than 500 high...

Full description

Bibliographic Details
Corporate Author: SpringerLink (Online service)
Other Authors: Fitzal, Florian (Editor), Schrenk, Peter (Editor)
Format: Electronic eBook
Language:English
Published: Vienna : Springer Vienna : Imprint: Springer, 2015.
Edition:2nd ed. 2015.
Subjects:
Online Access:Full Text via HEAL-Link
LEADER 02581nam a22004575i 4500
001 978-3-7091-1874-0
003 DE-He213
005 20151204173901.0
007 cr nn 008mamaa
008 150618s2015 au | s |||| 0|eng d
020 |a 9783709118740  |9 978-3-7091-1874-0 
024 7 |a 10.1007/978-3-7091-1874-0  |2 doi 
040 |d GrThAP 
050 4 |a RD118-120.5 
072 7 |a MNP  |2 bicssc 
072 7 |a MED085030  |2 bisacsh 
082 0 4 |a 617.952  |2 23 
245 1 0 |a Oncoplastic Breast Surgery  |h [electronic resource] :  |b A Guide to Clinical Practice /  |c edited by Florian Fitzal, Peter Schrenk. 
250 |a 2nd ed. 2015. 
264 1 |a Vienna :  |b Springer Vienna :  |b Imprint: Springer,  |c 2015. 
300 |a XV, 299 p. 286 illus., 281 illus. in color.  |b online resource. 
336 |a text  |b txt  |2 rdacontent 
337 |a computer  |b c  |2 rdamedia 
338 |a online resource  |b cr  |2 rdacarrier 
347 |a text file  |b PDF  |2 rda 
505 0 |a Breast Conservation and Oncoplastic Surgery - Good Results -- Breast Conservation and Oncoplastic Surgery - Pitfalls -- Mastectomy and Reconstruction - Good Results.- Mastectomy and Reconstruction - Pitfalls. 
520 |a This book presents 50 cases, encompassing a broad range of oncoplastic breast surgeries. Each case is dedicated to a particular surgical technique, using classifications of “good, bad, and ugly” to point out potential pitfalls and to optimize post-surgery results. With the help of more than 500 high-quality illustrations and photos and detailed step-by-step instructions the editors, respected experts in their field, describe the most common procedures. Now in its second edition, this comprehensive surgical atlas provides practical guidance for various oncoplastic techniques used in breast conservation surgery and mastectomy with immediate reconstruction. The book will be a valuable resource not only for surgeons specialized in breast cancer therapy, but also for general surgeons and gynecologists as well as for plastic and reconstructive surgeons.  . 
650 0 |a Medicine. 
650 0 |a Plastic surgery. 
650 0 |a Surgical oncology. 
650 1 4 |a Medicine & Public Health. 
650 2 4 |a Plastic Surgery. 
650 2 4 |a Surgical Oncology. 
700 1 |a Fitzal, Florian.  |e editor. 
700 1 |a Schrenk, Peter.  |e editor. 
710 2 |a SpringerLink (Online service) 
773 0 |t Springer eBooks 
776 0 8 |i Printed edition:  |z 9783709118733 
856 4 0 |u http://dx.doi.org/10.1007/978-3-7091-1874-0  |z Full Text via HEAL-Link 
912 |a ZDB-2-SME 
950 |a Medicine (Springer-11650)